[Event "Ruhrgebiet Verbandsklasse Gruppe 1 1516"]
[Site "Germany"]
[Date "2016.02.21"]
[Round "7.2"]
[White "Kock, Wolfgang"]
[Black "Spoden, Kurt Eberhard"]
[Result "1-0"]
[WhiteElo "1973"]
[BlackElo "1831"]
[PlyCount "45"]
[EventDate "2015.09.06"]
[EventType "team-tourn"]
[EventRounds "9"]
[EventCountry "GER"]
[SourceTitle "EXT 2022"]
[Source "ChessBase"]
[SourceDate "2021.10.06"]
[SourceVersion "1"]
[SourceVersionDate "2021.10.06"]
[SourceQuality "1"]
[WhiteTeam "Sodingen/Castrop SK III"]
[BlackTeam "Bottrop SV II"]
[WhiteTeamCountry "GER"]
[BlackTeamCountry "GER"]

1. c4 e5 2. Nc3 Nf6 3. Nf3 Nc6 4. e3 d5 5. cxd5 Nxd5 6. Bb5 Nxc3 7. bxc3 Bd7 8. d4 e4 9. Bxc6 Bxc6 10. Ne5 Bb5 11. Qb3 Qe7 12. Qxb5+ c6 13. Nxc6 a6 14. Nxe7+ axb5 15. Nd5 Bd6 16. 0-0 0-0 17. Bd2 Rfd8 18. g3 Ra4 19. Rfb1 Bxg3 20. Ne7+ Kf8 21. hxg3 Kxe7 22. Rxb5 Rd7 23. Re5+ 1-0

[Event "MVP-ch Seniors op 15th"]
[Site "Binz"]
[Date "2015.11.30"]
[Round "7.38"]
[White "Spoden, Kurt Eberhard"]
[Black "Vladov, Mark"]
[Result "1-0"]
[WhiteElo "1835"]
[BlackElo "1636"]
[PlyCount "67"]
[EventDate "2015.11.24"]
[EventType "swiss"]
[EventRounds "9"]
[EventCountry "GER"]
[SourceTitle "EXT 2017"]
[Source "ChessBase"]
[SourceDate "2016.10.25"]
[SourceVersion "1"]
[SourceVersionDate "2016.10.25"]
[SourceQuality "1"]

1. c4 c5 2. Nc3 Nc6 3. Nf3 Nf6 4. d4 cxd4 5. Nxd4 g6 6. e4 d6 7. Be2 Bg7 8. Be3 0-0 9. 0-0 a6 10. Nc2 Nd7 11. Qd2 Re8 12. Rad1 Qa5 13. b4 Qd8 14. a3 b6 15. Bh6 Bh8 16. f4 Ra7 17. Nd5 Nf8 18. Qe3 Nd7 19. b5 axb5 20. cxb5 Na5 21. Nd4 Nc5 22. f5 e6 23. fxe6 Bxe6 24. Bg5 Qb8 25. Nf6+ Bxf6 26. Bxf6 Nd7 27. Bh4 Ne5 28. Qh6 Nd7 29. Nc6 Nxc6 30. bxc6 f5 31. cxd7 Bxd7 32. Bc4+ Be6 33. Bxe6+ Rxe6 34. exf5 1-0

[Event "MVP-ch Seniors op 15th"]
[Site "Binz"]
[Date "2015.11.28"]
[Round "5.43"]
[White "Spoden, Kurt Eberhard"]
[Black "Mewes, Hans Dieter"]
[Result "1/2-1/2"]
[WhiteElo "1835"]
[BlackElo "1646"]
[PlyCount "66"]
[EventDate "2015.11.24"]
[EventType "swiss"]
[EventRounds "9"]
[EventCountry "GER"]
[SourceTitle "EXT 2017"]
[Source "ChessBase"]
[SourceDate "2016.10.25"]
[SourceVersion "1"]
[SourceVersionDate "2016.10.25"]
[SourceQuality "1"]

1. c4 c5 2. Nf3 Nc6 3. Nc3 Nf6 4. d4 cxd4 5. Nxd4 d6 6. e4 g6 7. Be2 Bg7 8. Be3 0-0 9. 0-0 Bd7 10. Rc1 Nxd4 11. Bxd4 Bc6 12. f3 b6 13. Qd2 Qd7 14. Rfd1 Rfd8 15. Be3 Rac8 16. Qe1 Qb7 17. Rd2 Qb8 18. Qh4 Re8 19. Bg5 Qc7 20. Rdd1 Kh8 21. Bxf6 Bxf6 22. Qe1 Bg7 23. Nd5 Qb8 24. b3 Bxd5 25. exd5 a5 26. a4 Qc7 27. b4 axb4 28. Qxb4 Qc5+ 29. Qxc5 bxc5 30. Rc2 Ra8 31. Ra2 Reb8 32. g3 Ra5 33. Rd3 Bd4+ 1/2-1/2

[Event "MVP-ch Seniors op 15th"]
[Site "Binz"]
[Date "2015.11.27"]
[Round "4.45"]
[White "Mahrla, Hans"]
[Black "Spoden, Kurt Eberhard"]
[Result "1/2-1/2"]
[WhiteElo "1669"]
[BlackElo "1835"]
[PlyCount "104"]
[EventDate "2015.11.24"]
[EventType "swiss"]
[EventRounds "9"]
[EventCountry "GER"]
[SourceTitle "EXT 2017"]
[Source "ChessBase"]
[SourceDate "2016.10.25"]
[SourceVersion "1"]
[SourceVersionDate "2016.10.25"]
[SourceQuality "1"]

1. e4 c5 2. f4 d5 3. exd5 Qxd5 4. Nc3 Qd8 5. Nf3 Nf6 6. Bc4 e6 7. d4 cxd4 8. Qxd4 Qxd4 9. Nxd4 a6 10. a3 Bc5 11. Nf3 Nc6 12. b4 Ba7 13. Bd3 Bd7 14. h3 0-0 15. Ne4 Nxe4 16. Bxe4 Rac8 17. Bb2 Rfe8 18. c4 f6 19. c5 Bb8 20. Bc1 e5 21. f5 Nd4 22. Bd5+ Kf8 23. Nxd4 exd4+ 24. Kf2 b6 25. Bb7 Rc7 26. Bxa6 bxc5 27. Bf4 Ra7 28. Bxb8 Rxa6 29. Bc7 c4 30. Rhe1 Raa8 31. Rxe8+ Rxe8 32. g4 Re3 33. a4 Re4 34. b5 c3 35. Bd6+ Kg8 36. Bb4 h5 37. Re1 Re5 38. Rxe5 fxe5 39. Ke2 hxg4 40. hxg4 Kf7 41. Kd3 g6 42. fxg6+ Kxg6 43. Ba3 Kg5 44. b6 Bc8 45. Bd6 Ba6+ 46. Kc2 e4 47. Bc5 d3+ 48. Kxc3 Kxg4 49. Kd2 Kf5 50. Ke3 Ke5 51. a5 Kd5 52. Bb4 Bb7 1/2-1/2

[Event "Ruhrgebiet Verbandsliga Gruppe 2 1415"]
[Site "Germany"]
[Date "2015.04.26"]
[Round "9.8"]
[White "Kremer, Moritz"]
[Black "Spoden, Kurt Eberhard"]
[Result "1/2-1/2"]
[WhiteElo "1694"]
[BlackElo "1882"]
[PlyCount "115"]
[EventDate "2014.09.21"]
[EventType "team-tourn"]
[EventRounds "9"]
[EventCountry "GER"]
[SourceTitle "EXT 2022"]
[Source "ChessBase"]
[SourceDate "2021.10.06"]
[SourceVersion "1"]
[SourceVersionDate "2021.10.06"]
[SourceQuality "1"]
[WhiteTeam "Muelheim Nord IV"]
[BlackTeam "Bottrop SV"]
[WhiteTeamCountry "GER"]
[BlackTeamCountry "GER"]

1. Nf3 d5 2. g3 Nf6 3. Bg2 g6 4. 0-0 Bg7 5. d3 0-0 6. Nbd2 c6 7. e4 dxe4 8. dxe4 Qc7 9. Re1 Rd8 10. c3 a5 11. Qc2 Na6 12. Rb1 Nc5 13. b4 axb4 14. cxb4 Nd3 15. Re3 Nxc1 16. Rxc1 Be6 17. a4 Bh6 18. Re2 Qb6 19. Rb1 Qa6 20. b5 Qxa4 21. Qxa4 Rxa4 22. bxc6 bxc6 23. e5 Nd5 24. Ne4 Bf5 25. Nh4 Bxe4 26. Rxe4 Rxe4 27. Bxe4 Nc3 28. Rb4 Bd2 29. Rc4 Nxe4 30. Rxe4 c5 31. Nf3 Bb4 32. Kg2 Rd1 33. Rc4 h6 34. Ng1 Rd2 35. Kf3 f5 36. exf6 exf6 37. g4 Kf7 38. Ne2 Rd3+ 39. Kg2 g5 40. Re4 Rd7 41. Kf3 Rc7 42. Rc4 Kg6 43. Ng3 Re7 44. Nf5 Re5 45. Re4 h5 46. h3 hxg4+ 47. hxg4 Kf7 48. Nd6+ Ke6 49. Nc4 Rxe4 50. Kxe4 Be1 51. f3 Bf2 52. f4 gxf4 53. Kxf4 Kd5 54. Nd2 c4 55. Nxc4 Kxc4 56. g5 Be3+ 57. Kxe3 fxg5 58. Ke4 1/2-1/2

[Event "Ruhrgebiet VK1 0910"]
[Site "Ruhrgebiet"]
[Date "2010.03.21"]
[Round "8.4"]
[White "Panofen, Ingo"]
[Black "Spoden, Kurt Eberhard"]
[Result "0-1"]
[WhiteElo "1913"]
[BlackElo "1899"]
[PlyCount "96"]
[EventDate "2009.09.06"]
[EventType "team"]
[EventRounds "9"]
[EventCountry "GER"]
[SourceTitle "EXT 2011"]
[Source "ChessBase"]
[SourceDate "2010.11.26"]
[SourceVersion "1"]
[SourceVersionDate "2010.11.26"]
[SourceQuality "1"]
[WhiteTeam "Castrop Rauxel II"]
[BlackTeam "Oberhausen III"]
[WhiteTeamCountry "GER"]
[BlackTeamCountry "GER"]

1. d4 d5 2. c4 c6 3. Nc3 e6 4. e3 Nf6 5. Nf3 Nbd7 6. Bd3 dxc4 7. Bxc4 Nb6 8. Bd3 Be7 9. 0-0 0-0 10. e4 c5 11. e5 Nfd5 12. Ne4 cxd4 13. Nfg5 g6 14. a3 f5 15. exf6 Nxf6 16. h4 Qd5 17. Qe2 Bd7 18. Re1 Nh5 19. g3 h6 20. Nh3 e5 21. Kh2 Qe6 22. Ng1 Kg7 23. Bd2 Bc6 24. Rac1 Rac8 25. Nc5 Bxc5 26. Rxc5 Nd7 27. Rcc1 Qf6 28. Nh3 Bf3 29. Qf1 Rxc1 30. Rxc1 Bc6 31. Bb4 Re8 32. Bb5 e4 33. Qc4 Ne5 34. Bxc6 Nxc4 35. Bxe8 Qe6 36. Bb5 Ne5 37. Rc7+ Kh8 38. Re7 Qd5 39. Re8+ Kg7 40. Re7+ Kf6 41. a4 a5 42. Ba3 d3 43. Nf4 Nf3+ 44. Kh3 Nxf4+ 45. gxf4 Qf5+ 46. Kg3 h5 47. Bd7 Qd5 48. Re6+ Qxe6 0-1

[Event "Ruhrgebiet VK1 0910"]
[Site "Ruhrgebiet"]
[Date "2010.02.21"]
[Round "7.4"]
[White "Spoden, Kurt Eberhard"]
[Black "Korber, Markus"]
[Result "0-1"]
[WhiteElo "1899"]
[BlackElo "1885"]
[PlyCount "82"]
[EventDate "2009.09.06"]
[EventType "team"]
[EventRounds "9"]
[EventCountry "GER"]
[SourceTitle "EXT 2011"]
[Source "ChessBase"]
[SourceDate "2010.11.26"]
[SourceVersion "1"]
[SourceVersionDate "2010.11.26"]
[SourceQuality "1"]
[WhiteTeam "Oberhausen III"]
[BlackTeam "Rochade Steele/Kray"]
[WhiteTeamCountry "GER"]
[BlackTeamCountry "GER"]

1. Nf3 d5 2. g3 Nf6 3. Bg2 e6 4. 0-0 Be7 5. b3 0-0 6. Bb2 Nbd7 7. e3 b6 8. Nd4 Bb7 9. c4 c5 10. Ne2 Qc7 11. cxd5 Bxd5 12. f3 Rfd8 13. Nbc3 Bc6 14. Rc1 Rac8 15. d4 Qb7 16. Qe1 Nd5 17. Nxd5 Bxd5 18. Qf2 Qa6 19. Nc3 Bc6 20. Rfd1 Nf6 21. a4 cxd4 22. exd4 Qb7 23. Kh1 Nd5 24. Ne4 Nf6 25. Qe2 Bd5 26. Qd3 Rxc1 27. Rxc1 Rc8 28. Rc3 Rxc3 29. Bxc3 Bxb3 30. Qb5 Bd5 31. Nxf6+ gxf6 32. Qe2 Qc6 33. Bb2 Qxa4 34. f4 Bxg2+ 35. Kxg2 Qc6+ 36. Kh3 Qd5 37. Qa6 Qf5+ 38. g4 Qxf4 39. Qc8+ Kg7 40. Bc1 Qf3+ 41. Kh4 f5+ 0-1

[Event "Ruhrgebiet VK3 0708"]
[Site "Germany"]
[Date "2008.04.06"]
[Round "8.5"]
[White "Ter Steeg, Marcus"]
[Black "Spoden, Kurt Eberhard"]
[Result "0-1"]
[WhiteElo "1922"]
[BlackElo "1930"]
[PlyCount "114"]
[EventDate "2007.09.16"]
[EventType "team"]
[EventRounds "9"]
[EventCountry "GER"]
[SourceTitle "EXT 2009"]
[Source "ChessBase"]
[SourceDate "2008.11.26"]
[SourceVersion "1"]
[SourceVersionDate "2008.11.26"]
[SourceQuality "1"]
[WhiteTeam "Essen Werden"]
[BlackTeam "Oberhausen III"]
[WhiteTeamCountry "GER"]
[BlackTeamCountry "GER"]

1. d4 d5 2. c4 c6 3. Nc3 Nf6 4. Bg5 Nbd7 5. Nf3 h6 6. Bh4 e6 7. e3 Qa5 8. Nd2 Bb4 9. Qc2 Ne4 10. cxd5 cxd5 11. Ndxe4 dxe4 12. Rc1 Qxa2 13. Be2 0-0 14. 0-0 Bxc3 15. Qxc3 Qd5 16. Qa3 Nb8 17. Be7 Re8 18. Rc5 Qd7 19. Bb5 Nc6 20. Bh4 g5 21. Bg3 a6 22. Rfc1 Qe7 23. Rxc6 Qxa3 24. bxa3 Bd7 25. Rc7 Bxb5 26. Rxb7 Rec8 27. Rcc7 Rxc7 28. Rxc7 Bd3 29. h4 Rd8 30. Kh2 Rd5 31. Be5 gxh4 32. Rc8+ Kh7 33. Kh3 Bf1 34. Rc1 Bb5 35. Kg4 Kg6 36. Rc8 f6 37. Bf4 e5 38. dxe5 Bd7+ 39. Kxh4 Bxc8 40. exf6 Rh5+ 41. Kg3 Kxf6 42. f3 Bb7 43. Kf2 Ke6 44. Bc7 Rb5 45. a4 Rb2+ 46. Kg3 Rb3 47. Kf4 Rb4 48. Kg3 Rxa4 49. f4 Ra2 50. Kh3 a5 51. g4 Ba6 52. f5+ Kf7 53. Kh4 Be2 54. Bf4 Ra1 55. Kg3 Rg1+ 56. Kf2 Rxg4 57. Bxh6 Bf3 0-1

[Event "Ruhrgebiet VK2 0304"]
[Site "Ruhrgebiet"]
[Date "2004.03.28"]
[Round "8.6"]
[White "Spoden, Kurt Eberhard"]
[Black "Lang, Daniel"]
[Result "0-1"]
[WhiteElo "1836"]
[BlackElo "1811"]
[PlyCount "102"]
[EventDate "2003.09.28"]
[EventType "team"]
[EventRounds "9"]
[EventCountry "GER"]
[SourceTitle "EXT 2007"]
[Source "ChessBase"]
[SourceDate "2006.11.23"]
[SourceVersion "1"]
[SourceVersionDate "2006.11.23"]
[SourceQuality "1"]
[WhiteTeam "Oberhausen II"]
[BlackTeam "Wattenscheid IV"]
[WhiteTeamCountry "GER"]
[BlackTeamCountry "GER"]

1. c4 e5 2. Nc3 Nf6 3. g3 d5 4. cxd5 Nxd5 5. Bg2 Be6 6. Nf3 Nc6 7. Qa4 f6 8. Nxd5 Bxd5 9. e3 Bc5 10. 0-0 Qd7 11. d4 exd4 12. exd4 Bb6 13. Re1+ Kf7 14. Qb5 Rad8 15. Be3 a6 16. Qd3 g6 17. a3 Qg4 18. h3 Qd7 19. Kh2 Kg7 20. Rad1 Bxf3 21. Bxf3 Ne5 22. Qe4 Nxf3+ 23. Qxf3 Qd5 24. Qxd5 Rxd5 25. Rd2 Rhd8 26. Red1 c6 27. Kg2 Ba5 28. b4 Bb6 29. Kf3 R8d7 30. Ke2 a5 31. Rd3 Kf7 32. R1d2 g5 33. Rd1 Kg6 34. R3d2 axb4 35. axb4 h5 36. Rd3 g4 37. h4 Kf5 38. f3 gxf3+ 39. Kxf3 Rb5 40. Rb1 c5 41. Rbd1 cxd4 42. Bxd4 Rbd5 43. Bxb6 Rxd3+ 44. Rxd3 Rxd3+ 45. Kf2 Kg4 46. Bc7 Rf3+ 47. Kg2 Rb3 48. Bd6 Rb2+ 49. Kf1 Kf3 50. Ke1 f5 51. Kd1 Rg2 0-1

[Event "Ruhrgebiet-ch Seniors 11th"]
[Site "Essen"]
[Date "2004.03.09"]
[Round "2"]
[White "Mueller, Herbert"]
[Black "Spoden, Kurt Eberhard"]
[Result "1/2-1/2"]
[WhiteElo "2019"]
[BlackElo "1836"]
[PlyCount "37"]
[EventDate "2004.03.08"]
[EventType "swiss"]
[EventRounds "9"]
[EventCountry "GER"]
[SourceTitle "EXT 2006"]
[Source "ChessBase"]
[SourceDate "2005.11.24"]
[SourceVersion "1"]
[SourceVersionDate "2005.11.24"]
[SourceQuality "1"]

1. d4 d5 2. c4 c6 3. cxd5 cxd5 4. Nf3 Bf5 5. Nc3 Nc6 6. Bf4 e6 7. e3 a6 8. Ne5 f6 9. Nxc6 bxc6 10. Bd3 Bxd3 11. Qxd3 Bd6 12. Bxd6 Qxd6 13. 0-0 Nh6 14. h3 0-0 15. Na4 e5 16. Rac1 Rfb8 17. Qc2 exd4 18. exd4 Rb4 19. b3 1/2-1/2

[Event "Ruhrgebiet-ch Seniors 11th"]
[Site "Essen"]
[Date "2004.03.08"]
[Round "1"]
[White "Spoden, Kurt Eberhard"]
[Black "Nietmann, Friedrich"]
[Result "1-0"]
[WhiteElo "1836"]
[BlackElo "1373"]
[PlyCount "59"]
[EventDate "2004.03.08"]
[EventType "swiss"]
[EventRounds "9"]
[EventCountry "GER"]
[SourceTitle "EXT 2006"]
[Source "ChessBase"]
[SourceDate "2005.11.24"]
[SourceVersion "1"]
[SourceVersionDate "2005.11.24"]
[SourceQuality "1"]

1. e4 d6 2. d4 Nf6 3. Nc3 g6 4. Be3 Bg7 5. f3 0-0 6. Qd2 Nc6 7. Nge2 e5 8. d5 Ne7 9. 0-0-0 Ne8 10. g4 c6 11. Ng3 c5 12. h4 a6 13. h5 b5 14. Bh6 Nf6 15. Bxg7 Kxg7 16. hxg6 fxg6 17. Qh6+ Kh8 18. g5 Neg8 19. Qh4 Nh5 20. Nxh5 gxh5 21. Qxh5 Qe7 22. Bh3 Qf7 23. Be6 Qxh5 24. Rxh5 Bxe6 25. dxe6 Rxf3 26. Rxd6 Rf1+ 27. Kd2 Raf8 28. Rd7 R8f2+ 29. Ne2 h6 30. e7 1-0

[Event "Ruhrgebiet VK2 0304"]
[Site "Ruhrgebiet"]
[Date "2003.09.28"]
[Round "1.8"]
[White "Spoden, Kurt Eberhard"]
[Black "Mattern, Jochen"]
[Result "1/2-1/2"]
[WhiteElo "1836"]
[BlackElo "1768"]
[PlyCount "151"]
[EventDate "2003.09.28"]
[EventType "team"]
[EventRounds "9"]
[EventCountry "GER"]
[SourceTitle "EXT 2007"]
[Source "ChessBase"]
[SourceDate "2006.11.23"]
[SourceVersion "1"]
[SourceVersionDate "2006.11.23"]
[SourceQuality "1"]
[WhiteTeam "Oberhausen II"]
[BlackTeam "Erkenschwick II"]
[WhiteTeamCountry "GER"]
[BlackTeamCountry "GER"]

1. c4 Nf6 2. Nc3 g6 3. g3 Bg7 4. Bg2 0-0 5. Nf3 d6 6. d4 Nbd7 7. 0-0 c5 8. d5 a6 9. h3 b5 10. cxb5 axb5 11. Nxb5 Ba6 12. Nc3 Qb6 13. Re1 Rfb8 14. e4 Ne8 15. Qc2 Nc7 16. Re3 c4 17. Re2 Nb5 18. Be3 Qc7 19. Rd2 Nxc3 20. bxc3 Nc5 21. Bxc5 Qxc5 22. Nd4 Qa3 23. Qc1 Bc8 24. Bf1 Bh6 25. Qxa3 Rxa3 26. Rc2 Ba6 27. Nc6 Rb7 28. Nb4 Bb5 29. h4 Ba4 30. Rcc1 Bxc1 31. Rxc1 Bb5 32. Kg2 Kg7 33. Kf3 e5 34. Ke3 f5 35. f3 Kf6 36. Be2 h5 37. Kd2 f4 38. gxf4 exf4 39. Kc2 g5 40. Rh1 Rh7 41. Kb2 Ra8 42. Bd1 gxh4 43. Rxh4 Kg5 44. Rh1 h4 45. Be2 h3 46. Bf1 h2 47. Nc2 Kf6 48. Ne1 Rg8 49. Ng2 Ba4 50. Kc1 Ke5 51. Kd2 Rg3 52. Ke2 Bc2 53. Kf2 Bd3 54. Ne1 Bxf1 55. Kxf1 Rg8 56. Nc2 Ra8 57. a3 Raa7 58. Kg2 Rag7+ 59. Kf2 Rh3 60. Ne1 Rgg3 61. a4 Rg8 62. Nc2 Rh7 63. a5 Kf6 64. Nb4 Ra8 65. a6 Rhh8 66. Kg2 Rag8+ 67. Kf2 Ke7 68. a7 Kd7 69. Nc6 Kc7 70. Nb8 Kb7 71. Nc6 Ka8 72. Kf1 Rh3 73. Kf2 Rgg3 74. Rb1 Rxf3+ 75. Ke2 Re3+ 76. Kf2 1/2-1/2

[Event "Ruhrgebiet-ch Seniors 10th"]
[Site "Essen"]
[Date "2003.04.08"]
[Round "8"]
[White "Thiemann, Johannes"]
[Black "Spoden, Kurt Eberhard"]
[Result "0-1"]
[WhiteElo "1613"]
[BlackElo "1902"]
[PlyCount "94"]
[EventDate "2003.04.??"]
[EventType "swiss"]
[EventRounds "9"]
[EventCountry "GER"]
[SourceTitle "EXT 2006"]
[Source "ChessBase"]
[SourceDate "2005.11.24"]
[SourceVersion "1"]
[SourceVersionDate "2005.11.24"]
[SourceQuality "1"]

1. d4 Nf6 2. Nf3 c5 3. d5 d6 4. c4 g6 5. Nc3 Bg7 6. e4 0-0 7. Be2 a6 8. 0-0 e5 9. Bg5 Qc7 10. Qd2 Re8 11. Ne1 Nbd7 12. a4 b6 13. Nc2 Rb8 14. Rfc1 Nf8 15. Ne3 Bd7 16. Ra3 Rb7 17. h4 h5 18. Bxf6 Bxf6 19. g3 Nh7 20. Ng2 Bg7 21. Kh2 Nf6 22. f3 Kh7 23. Bd1 Ng8 24. g4 hxg4 25. fxg4 Nh6 26. Ne3 f5 27. exf5 gxf5 28. g5 Ng4+ 29. Nxg4 fxg4 30. Ne4 Rf8 31. Rg3 Rf4 32. Nf2 Qc8 33. Ne4 Qf8 34. Bc2 Kh8 35. Rcg1 b5 36. axb5 axb5 37. b3 bxc4 38. bxc4 Qb8 39. Nc3 Rb2 40. Qc1 Rf2+ 41. R1g2 Rbxc2 42. Qe3 Qb2 43. Rxf2 Rxf2+ 44. Kg1 Rc2 45. Qd3 Rc1+ 46. Nd1 Ba4 47. Rg2 Rxd1+ 0-1

[Event "Ruhrgebiet-ch Seniors 10th"]
[Site "Essen"]
[Date "2003.04.01"]
[Round "5"]
[White "Spoden, Kurt Eberhard"]
[Black "Kohlschmidt, Christoph"]
[Result "0-1"]
[WhiteElo "1902"]
[BlackElo "1794"]
[PlyCount "88"]
[EventDate "2003.04.??"]
[EventType "swiss"]
[EventRounds "9"]
[EventCountry "GER"]
[SourceTitle "EXT 2006"]
[Source "ChessBase"]
[SourceDate "2005.11.24"]
[SourceVersion "1"]
[SourceVersionDate "2005.11.24"]
[SourceQuality "1"]

1. d4 Nf6 2. Nf3 d5 3. Bf4 g6 4. e3 Nbd7 5. Nc3 c6 6. Be2 Bg7 7. Ne5 h5 8. Qd3 Nxe5 9. Bxe5 Bf5 10. Qd2 Ne4 11. Nxe4 Bxe5 12. Nc5 Bc7 13. h3 a5 14. a4 Bc8 15. Bd3 Qd6 16. c3 e5 17. f3 b6 18. Nb3 e4 19. fxe4 dxe4 20. Bxe4 Qe6 21. Bf3 Bg3+ 22. Kf1 Ba6+ 23. Kg1 0-0-0 24. d5 cxd5 25. Nd4 Qd6 26. Nb5 Bxb5 27. axb5 h4 28. b4 Rde8 29. Rd1 Qe5 30. bxa5 Qxe3+ 31. Qxe3 Rxe3 32. Rf1 bxa5 33. b6 Rxc3 34. Be2 f5 35. Ba6+ Kd7 36. Bb5+ Kd6 37. Rb1 d4 38. b7 Kc7 39. Bf1 d3 40. Rd1 d2 41. Be2 Rc1 42. Kf1 Rxd1+ 43. Bxd1 Re8 44. Be2 d1Q+ 0-1

[Event "Ruhrgebiet-ch Seniors 10th"]
[Site "Essen"]
[Date "2003.03.24"]
[Round "1"]
[White "Spoden, Kurt Eberhard"]
[Black "Der, Josef"]
[Result "0-1"]
[WhiteElo "1902"]
[BlackElo "1624"]
[PlyCount "60"]
[EventDate "2003.04.??"]
[EventType "swiss"]
[EventRounds "9"]
[EventCountry "GER"]
[SourceTitle "EXT 2006"]
[Source "ChessBase"]
[SourceDate "2005.11.24"]
[SourceVersion "1"]
[SourceVersionDate "2005.11.24"]
[SourceQuality "1"]

1. d4 Nf6 2. Nf3 e6 3. Bf4 c5 4. c3 b6 5. e3 Bb7 6. Nbd2 Be7 7. Bd3 Nc6 8. e4 d6 9. a3 0-0 10. Qc2 h6 11. g4 cxd4 12. cxd4 Rc8 13. Qd1 Nxd4 14. Nxd4 e5 15. Nf5 exf4 16. h4 Nh7 17. g5 hxg5 18. hxg5 g6 19. Qg4 Bxg5 20. Qh3 Bh4 21. Nxh4 Ng5 22. Qh2 Qf6 23. Ke2 Kg7 24. Rag1 Rh8 25. Rg4 f3+ 26. Ndxf3 Nxf3 27. Nf5+ Qxf5 28. Qxh8+ Rxh8 29. exf5 Rxh1 30. fxg6 Re1# 0-1